LEADER 01063nam a2200241 i 4500 001 000000237938 003 CaOOAMICUS 005 20150115000000.0 008 150115s1965 it u000 u ita u 013 $a216843 040 $aSeMil$bita 245 10$aPer un sistema di sicurezza sociale in Italia /$cComitato di Studio per la Sicurezza Sociale in Italia. 260 $aBologna :$bIl Mulino,$ccopyr. 1965. 300 $a484 p. ;$c22 cm. 490 0 $aProblemi della società italiana ;$v23. 500 $aContiene : Bibliografia. 650 4$aSicurezza sociale.$0(OLS)http://semarc/subject/35222 700 1 $aComitato di Studio per la Sicurezza Sociale in Italia.$0(OLS)http://semarc/name/81116 830 0$aProblemi della società italiana ;$v23.$0(OLS)http://semarc/title/6893 850 $aSeMil 852 $aSeMil$W1$xVenegono$y1$m3N I 228$j188284$B188284$CSeMilBibl$Z2$F199090 $81 996 $6245$aPer un sistema di sicurezza sociale in Italia$9(OLS)http://semarc/title/339147 996 $6260$aBologna :$bIl Mulino$9(OLS)http://semarc/publisher/29842 LEADER 01383nam a2200313 i 4500 001 000000226706 003 CaOOAMICUS 005 20140130000000.0 008 140130s1917 it u000 u lat u 013 $a205608 040 $aSeMil$bita 245 13$aDe vita christiana libri 7. ex genuinis operibus s. p. Augustini /$ccolligebat Antonino Tonna-Barthet ; praemittur Vita S. Augustini auctore S. Possidio. 260 $aRomae :$bTypis Polyglottis Vaticanis,$c1917. 300 $aLXXI, 706 p. ;$c15 cm. 500 $aFondo Bidoglio. 650 4$aAgostino, Aurelio . De vita cristiana.$0(OLS)http://semarc/subject/41134 700 1 $aTonna-Barthet, Antonino.$0(OLS)http://semarc/name/6802 700 0 $aAugustinus, Aurelius,$c.$0(OLS)http://semarc/name/498 700 0 $aPossidius,$c.$0(OLS)http://semarc/name/25647 850 $aSeMil 852 $aSeMil$W1$xVenegono$y1$m2T I 5$j177052$B177052$CSeMilBibl$Z2$F188289 $81 900 1 $aAgostino : d'Ippona. 900 1 $aSant'Agostino. 941 1 $a2 961 $aLascito: Bidoglio don Maurizio 996 $6245$aDe vita christiana libri 7. ex genuinis operibus s. p. Augustini$9(OLS)http://semarc/title/324576 996 $6260$aRomae :$bTypis Polyglottis Vaticanis$9(OLS)http://semarc/publisher/30364